[Event "AUT-chT2 (Women) 1920"]
[Site "Austria"]
[Date "2019.10.12"]
[Round "1.1"]
[White "Kosc, Renata"]
[Black "Praschl, Michelle"]
[Result "1-0"]
[WhiteElo "1986"]
[BlackElo "1260"]
[PlyCount "117"]
[EventDate "2019.10.12"]
[EventType "team-tourn"]
[EventRounds "3"]
[EventCountry "AUT"]
[SourceTitle "EXT 2022"]
[Source "ChessBase"]
[SourceDate "2021.10.06"]
[SourceVersion "1"]
[SourceVersionDate "2021.10.06"]
[SourceQuality "1"]
[WhiteTeam "Pamhagen (W) II"]
[BlackTeam "Muehlviertel (W)"]
[WhiteTeamCountry "AUT"]
[BlackTeamCountry "AUT"]

1. e4 Nf6 2. e5 Nd5 3. c4 Nb6 4. c5 Nd5 5. Nc3 Nxc3 6. dxc3 d6 7. cxd6 cxd6 8. exd6 exd6 9. Nf3 Nc6 10. Be3 Bg4 11. h3 Bf5 12. Bc4 Be7 13. 0-0 0-0 14. Bd5 Qc7 15. Qd2 Rad8 16. Rfd1 Ne5 17. Nd4 Bd7 18. b3 a6 19. c4 Nc6 20. Ne2 Bf6 21. Rac1 Ne7 22. Nf4 Nf5 23. Nh5 Be5 24. Bg5 Rde8 25. g4 Nd4 26. f4 Qc5 27. Kh1 Bc6 28. fxe5 Bxd5+ 29. cxd5 Qxd5+ 30. Qg2 Qxe5 31. Bf4 Qe2 32. Rxd4 g6 33. Nf6+ Kg7 34. Nxe8+ Rxe8 35. Qxe2 Rxe2 36. Rxd6 Rxa2 37. Rb6 h5 38. Rxb7 a5 39. Rcc7 Kf6 40. Rxf7+ Ke6 41. gxh5 gxh5 42. Rh7 Kf5 43. Bd6 Ke4 44. Rxh5 Kf3 45. Rf7+ Ke4 46. Re5+ Kd4 47. Rff5 Rc2 48. Rxa5 Ke4 49. Rf4+ Ke3 50. Rf1 Ke2 51. Raf5 Ke3 52. R5f4 Rc8 53. b4 Rc6 54. Bc5+ Ke2 55. Ra1 Rh6 56. Kh2 Rc6 57. Ra3 Re6 58. Rf2+ Ke1 59. Ra1# 1-0

[Event "AUT-ch U18 Girls"]
[Site "Sankt Veit an der Glan"]
[Date "2019.04.16"]
[Round "4"]
[White "Lauda, Victoria"]
[Black "Praschl, Michelle"]
[Result "1/2-1/2"]
[WhiteElo "1435"]
[BlackElo "1196"]
[PlyCount "78"]
[EventDate "2019.04.14"]
[EventType "swiss"]
[EventRounds "7"]
[EventCountry "AUT"]
[SourceTitle "CBM 190 Extra"]
[Source "ChessBase"]
[SourceDate "2019.07.15"]
[SourceVersion "1"]
[SourceVersionDate "2019.07.15"]
[SourceQuality "1"]

1. e4 Nf6 2. e5 Nd5 3. d4 d6 4. Nf3 Bf5 5. c4 Nb6 6. Nbd2 g6 7. Be2 Bg7 8. Nb3 N8d7 9. exd6 cxd6 10. 0-0 0-0 11. h3 e5 12. d5 e4 13. Nfd4 Bxd4 14. Qxd4 Ne5 15. c5 Nbd7 16. cxd6 Rc8 17. Nd2 Qg5 18. Nxe4 Qd8 19. Ng3 Qf6 20. Qf4 Bd3 21. Qxf6 Nxf6 22. Bxd3 Nxd3 23. f3 Nxd5 24. a3 Rfd8 25. Rd1 N3f4 26. Ne4 Kg7 27. Nc3 Rc5 28. Nxd5 Nxd5 29. b4 Rb5 30. Bb2+ f6 31. Bd4 a6 32. Bc5 Nc3 33. a4 Rxc5 34. bxc5 Nxd1 35. Rxd1 Kf7 36. a5 h5 37. Rb1 Rd7 38. Re1 f5 39. f4 Kf6 1/2-1/2

[Event "AUT-ch U18 Girls"]
[Site "Sankt Veit an der Glan"]
[Date "2019.04.14"]
[Round "2"]
[White "Praschl, Michelle"]
[Black "Egger, Stefanie"]
[Result "0-1"]
[WhiteElo "1196"]
[BlackElo "1197"]
[PlyCount "108"]
[EventDate "2019.04.14"]
[EventType "swiss"]
[EventRounds "7"]
[EventCountry "AUT"]
[SourceTitle "CBM 190 Extra"]
[Source "ChessBase"]
[SourceDate "2019.07.15"]
[SourceVersion "1"]
[SourceVersionDate "2019.07.15"]
[SourceQuality "1"]

1. e4 e5 2. Nf3 Nc6 3. Bc4 Bc5 4. c3 Nf6 5. d4 exd4 6. cxd4 Bb4+ 7. Nc3 d5 8. exd5 Nxd5 9. Bd2 Qe7+ 10. Qe2 Qxe2+ 11. Nxe2 Be6 12. Bxd5 Bxd2+ 13. Nxd2 Bxd5 14. 0-0 Rd8 15. Rfe1 0-0 16. Rad1 Rfe8 17. b3 f6 18. Nc4 Nb4 19. Nf4 Rxe1+ 20. Rxe1 Nc2 21. Rd1 Bxc4 22. bxc4 Rxd4 23. Rxd4 Nxd4 24. Kf1 a6 25. Ke1 Nc2+ 26. Kd2 Nb4 27. a3 Nc6 28. Ne6 Ne5 29. Kc3 c6 30. h3 Kf7 31. Nc5 b5 32. cxb5 axb5 33. Nd3 Nxd3 34. Kxd3 Ke6 35. Kd4 Kd6 36. f3 g6 37. g3 f5 38. f4 c5+ 39. Kd3 Kd5 40. g4 h6 41. Ke3 Kc4 42. Kf3 Kd3 43. h4 h5 44. gxh5 gxh5 45. Kg3 c4 46. Kf3 c3 47. Kg3 c2 48. Kf3 c1Q 49. Kg3 Qe3+ 50. Kg2 Ke2 51. Kh2 Qxf4+ 52. Kg2 Qg4+ 53. Kh2 Kf2 54. Kh1 Qg2# 0-1

[Event "AUT-ch U16 Girls"]
[Site "St Veit"]
[Date "2018.03.27"]
[Round "5"]
[White "Praschl, Michelle"]
[Black "Hiebner, Carina"]
[Result "1-0"]
[WhiteElo "1167"]
[BlackElo "1042"]
[PlyCount "80"]
[EventDate "2018.03.25"]
[EventType "swiss"]
[EventRounds "7"]
[EventCountry "AUT"]
[SourceTitle "EXT 2019"]
[Source "ChessBase"]
[SourceDate "2018.10.10"]
[SourceVersion "1"]
[SourceVersionDate "2018.10.10"]
[SourceQuality "1"]

1. e4 e5 2. Nf3 Nc6 3. Bc4 Bc5 4. c3 h6 5. d4 Bb6 6. d5 Nce7 7. Nxe5 d6 8. Nf3 Ng6 9. Bb5+ Bd7 10. Qd3 a6 11. Bxd7+ Qxd7 12. Be3 Bxe3 13. Qxe3 f6 14. 0-0 Qb5 15. b3 N6e7 16. Na3 Qd7 17. Nc4 Ng6 18. Nd4 N8e7 19. Ne6 Kf7 20. Qf3 Rhe8 21. Qg3 Nc8 22. Rfe1 c6 23. f4 cxd5 24. exd5 f5 25. Qh3 Kf6 26. Ne3 Nce7 27. g4 fxg4 28. Nxg4+ Kf7 29. Qf3 Nh4 30. Ne5+ dxe5 31. Qh5+ Neg6 32. f5 Qe7 33. fxg6+ Nxg6 34. Rf1+ Kg8 35. Qxg6 Rf8 36. c4 Rxf1+ 37. Rxf1 Rf8 38. Rxf8+ Qxf8 39. Nxf8 Kxf8 40. Qd6+ Kf7 1-0